000 00876nam a2200253Ia 4500
003 OSt
005 20220923212504.0
006 a|||||r|||| 00| 0
007 ta
008 220922b |||||||| |||| 00| 0 hin d
024 _a153,487
037 _cTextual
040 _aARTS
_cARTS
_bhin
041 _2hin
_ahin
082 _aO152vJ3, K5.1
100 _aमिश्र, विश्वनाथप्रसाद
245 0 _aहिन्दी साहित्य का अतीत
246 _aHindī sāhitya kā atīta
260 _aवाराणसी
_b वाणीवितान प्रकाशन
_c1976
300 _a328 पृ.
_ccm.
650 _aहिन्दी साहित्य
_9156264
942 _hO152vJ3, K5.1
_cTEXL
_2CC
999 _c309128
_d309128